Высокоскоростной удар. Моделирование и эксперимент

Bibliografiset tiedot
Yhteisötekijä: Национальный исследовательский Томский государственный университет (ТГУ)
Muut tekijät: Герасимов А. В. Александр Владимирович (редактор)
Yhteenveto:В монографии представлены результаты компьютерного и экспериментального моделирования неодномерных и нестационарных процессов в твердых телах, анализа напряженно-деформированного состояния, разрушения и фрагментации конструкций и материалов при высокоскоростном соударении, взрывном и импульсном нагружении, полученные в Научно-исследовательском институте прикладной математики и механики Томского государственного университета. Для научных сотрудников, конструкторов, технологов, занимающихся проектированием новых конструкций и созданием материалов с заданными свойствами, подвергающихся действию интенсивных динамических нагрузок, а также хтя аспирантов и студентов старших курсов соответствующих специальностей.
Kieli:venäjä
Julkaistu: Томск, Изд-во НТЛ, 2016
Aiheet:
Aineistotyyppi: Kirja
KOHA link:https://koha.lib.tpu.ru/cgi-bin/koha/opac-detail.pl?biblionumber=327275

MARC

LEADER 00000nam0a2200000 4500
001 327275
005 20231102003938.0
010 |a 9785895035764 
035 |a (RuTPU)RU\TPU\book\352935 
090 |a 327275 
100 |a 20170127d2016 k y0rusy50 ca 
101 0 |a rus 
102 |a RU 
105 |a a z 001zy 
200 1 |a Высокоскоростной удар. Моделирование и эксперимент  |f Национальный исследовательский Томский государственный университет (ТГУ) ; под ред. А. В. Герасимова 
210 |a Томск  |c Изд-во НТЛ  |d 2016 
215 |a 567 с.  |c ил. 
320 |a Библиогр. в конце гл. 
330 |a В монографии представлены результаты компьютерного и экспериментального моделирования неодномерных и нестационарных процессов в твердых телах, анализа напряженно-деформированного состояния, разрушения и фрагментации конструкций и материалов при высокоскоростном соударении, взрывном и импульсном нагружении, полученные в Научно-исследовательском институте прикладной математики и механики Томского государственного университета. Для научных сотрудников, конструкторов, технологов, занимающихся проектированием новых конструкций и созданием материалов с заданными свойствами, подвергающихся действию интенсивных динамических нагрузок, а также хтя аспирантов и студентов старших курсов соответствующих специальностей. 
606 1 |a Твердые тела, деформируемые  |2 stltpush  |3 (RuTPU)RU\TPU\subj\58720  |9 76476 
610 1 |a физика 
610 1 |a высокоскоростное соударение 
610 1 |a высокоскоростной удар 
610 1 |a деформирование 
610 1 |a разрушение 
610 1 |a физическое моделирование 
610 1 |a высокопрочные композиционные материалы 
610 1 |a ударное ддробление 
610 1 |a взрывное дробление 
610 1 |a неоднородные материалы 
610 1 |a конструкции 
610 1 |a устойчивость 
610 1 |a металлические композиты 
610 1 |a интерметаллидные композиты 
610 1 |a численное моделирование 
610 1 |a импульсное нагружение 
675 |a 539.37  |v 4 
702 1 |a Герасимов  |b А. В.  |g Александр Владимирович  |4 340 
712 0 2 |a Национальный исследовательский Томский государственный университет (ТГУ)  |c (2009- )  |2 stltpush  |3 (RuTPU)RU\TPU\col\17230 
801 1 |a RU  |b 63413507  |c 20170127 
801 2 |a RU  |b 63413507  |c 20170207  |g RCR 
942 |c BK